000 00357nam a2200145 i 4500
001 bg
100 1 _aWIERNIK, Ryszard
245 0 _aMechanika pękania I /
_cRyszard Wiernik, Marek Zakrzewski.
260 _aWrocław,
_c1975.
700 1 _aZAKRZEWSKI, Marek
040 _cBPK
041 _apol
942 _cKS
008 s pl f |000 0 pol
999 _c16001
_d16001
856 _uhttp://koha.tu.koszalin.pl/cgi-bin/koha/opac-detail.pl?biblionumber=16001
_yKatalog online BPK